[Event "DEM U12w 2018"]
[Site "Willingen GER"]
[Date "2018.05.25"]
[Round "9"]
[White "Zhou, Lepu Coco"]
[Black "Fischer, Darja"]
[Result "1/2-1/2"]
[Termination "normal"]
[Board "2"]
[WhiteElo "1720"]
[BlackElo "1292"]
[WhiteClock "00:16:54"]
[BlackClock "00:40:56"]
[PlyCount "143"]
[WhiteFideId "16217136"]
[BlackFideId "16240898"]
[EventCountry "GER"]
[EventRounds "11"]
[EventType "swiss"]
[EventDate "2018.05.19"]

1. e4 {[%clk 1:15:59]} 1... c6 {[%clk 1:15:55]} 2. Nc3 {[%clk 1:16:25]} 2... d5
{[%clk 1:16:14]} 3. Nf3 {[%clk 1:16:49]} 3... Bg4 {[%clk 1:16:14]} 4. h3 {
[%clk 1:16:22]} 4... Bxf3 {[%clk 1:16:22]} 5. Qxf3 {[%clk 1:16:44]} 5... e6 {
[%clk 1:16:47]} 6. Be2 {[%clk 1:16:12]} 6... Nf6 {[%clk 1:16:00]} 7. exd5 {
[%clk 1:16:23]} 7... cxd5 {[%clk 1:15:14]} 8. d4 {[%clk 1:09:13]} 8... Nc6 {
[%clk 1:14:29]} 9. Be3 {[%clk 1:05:40]} 9... Bd6 {[%clk 1:12:28]} 10. O-O {
[%clk 1:04:37]} 10... O-O {[%clk 1:12:38]} 11. Nb5 {[%clk 1:03:22]} 11... Be7 {
[%clk 1:11:42]} 12. Rad1 {[%clk 0:49:59]} 12... a6 {[%clk 1:11:15]} 13. Nc3 {
[%clk 0:50:19]} 13... Bd6 {[%clk 1:10:40]} 14. Bg5 {[%clk 0:49:05]} 14... Rc8 {
[%clk 1:05:00]} 15. h4 {[%clk 0:46:43]} 15... h6 {[%clk 0:59:53]} 16. Bxf6 {
[%clk 0:45:02]} 16... Qxf6 {[%clk 1:00:07]} 17. Qxf6 {[%clk 0:45:28]} 17...
gxf6 {[%clk 1:00:27]} 18. f4 {[%clk 0:45:35]} 18... Nxd4 {[%clk 0:56:24]} 19.
Bd3 {[%clk 0:38:10]} 19... Nc6 {[%clk 0:55:27]} 20. f5 {[%clk 0:37:38]} 20...
Be5 {[%clk 0:52:21]} 21. Rf3 {[%clk 0:27:30]} 21... Nb4 {[%clk 0:44:37]} 22.
fxe6 {[%clk 0:19:14]} 22... fxe6 {[%clk 0:44:56]} 23. Rd2 {[%clk 0:18:10]}
23... Nxd3 {[%clk 0:44:55]} 24. Rfxd3 {[%clk 0:17:57]} 24... Rc4 { [%clk
0:43:14]} 25. Rh3 {[%clk 0:16:27]} 25... Rfc8 {[%clk 0:43:20]} 26. Rdd3 { [%clk
0:09:27]} 26... d4 {[%clk 0:37:46]} 27. Ne2 {[%clk 0:08:08]} 27... Rxc2 { [%clk
0:37:59]} 28. Nxd4 {[%clk 0:08:17]} 28... Bxd4+ {[%clk 0:38:09]} 29. Rxd4
{[%clk 0:08:42]} 29... Rxb2 {[%clk 0:38:12]} 30. Rg3+ {[%clk 0:08:54]} 30...
Kh8 {[%clk 0:37:12]} 31. Rd7 {[%clk 0:08:49]} 31... Rg8 {[%clk 0:36:19]} 32.
Rgd3 {[%clk 0:02:46]} 32... Rbxg2+ {[%clk 0:35:33]} 33. Kh1 {[%clk 0:01:56]}
33... R2g7 {[%clk 0:35:55]} 34. R7d6 {[%clk 0:01:22]} 34... Re7 {[%clk 0:36:17]
} 35. Re3 {[%clk 0:01:30]} 35... Rge8 {[%clk 0:36:30]} 36. h5 {[%clk 0:01:43]}
36... Kg7 {[%clk 0:36:31]} 37. Rg3+ {[%clk 0:02:06]} 37... Kh7 {[%clk 0:36:16]}
38. Rg6 {[%clk 0:02:18]} 38... Rf8 {[%clk 0:36:14]} 39. a4 {[%clk 0:02:20]}
39... Rg7 {[%clk 0:35:09]} 40. Rxg7+ {[%clk 0:01:32]} 40... Kxg7 { [%clk
0:35:34]} 41. Rxe6 {[%clk 0:01:47]} 41... f5 {[%clk 0:35:45]} 42. Re7+ { [%clk
0:01:39]} 42... Rf7 {[%clk 0:36:09]} 43. Re6 {[%clk 0:01:27]} 43... f4 { [%clk
0:36:18]} 44. Kg2 {[%clk 0:00:45]} 44... Rf5 {[%clk 0:33:14]} 45. Re7+ { [%clk
0:15:27]} 45... Kf8 {[%clk 0:47:40]} 46. Rxb7 {[%clk 0:15:42]} 46... Rxh5
{[%clk 0:47:52]} 47. Rb6 {[%clk 0:15:35]} 47... Ra5 {[%clk 0:48:02]} 48. Rxh6 {
[%clk 0:15:22]} 48... Rxa4 {[%clk 0:48:27]} 49. Kf3 {[%clk 0:15:46]} 49... a5 {
[%clk 0:48:51]} 50. Rf6+ {[%clk 0:15:11]} 50... Ke7 {[%clk 0:49:17]} 51. Rf5 {
[%clk 0:15:04]} 51... Ke6 {[%clk 0:49:19]} 52. Rf8 {[%clk 0:15:21]} 52... Rc4 {
[%clk 0:48:20]} 53. Ke2 {[%clk 0:15:01]} 53... Kd6 {[%clk 0:48:01]} 54. Kd3 {
[%clk 0:15:15]} 54... Rb4 {[%clk 0:48:01]} 55. Kc3 {[%clk 0:15:39]} 55... Kc6 {
[%clk 0:46:17]} 56. Rf6+ {[%clk 0:15:51]} 56... Kb5 {[%clk 0:45:48]} 57. Rf5+ {
[%clk 0:13:29]} 57... Ka4 {[%clk 0:45:57]} 58. Kc2 {[%clk 0:13:39]} 58... Re4 {
[%clk 0:44:40]} 59. Kd3 {[%clk 0:12:57]} 59... Re3+ {[%clk 0:44:37]} 60. Kd2 {
[%clk 0:13:21]} 60... Re4 {[%clk 0:44:01]} 61. Kd3 {[%clk 0:13:46]} 61... Rb4 {
[%clk 0:43:36]} 62. Kc2 {[%clk 0:14:09]} 62... Rc4+ {[%clk 0:42:50]} 63. Kd3 {
[%clk 0:14:35]} 63... Kb4 {[%clk 0:42:42]} 64. Rxa5 {[%clk 0:14:41]} 64... Rc3+
{[%clk 0:41:30]} 65. Kd2 {[%clk 0:15:07]} 65... Rc5 {[%clk 0:40:16]} 66. Rxc5 {
[%clk 0:14:41]} 66... Kxc5 {[%clk 0:40:36]} 67. Ke2 {[%clk 0:15:08]} 67... Kd5
{[%clk 0:39:48]} 68. Kf3 {[%clk 0:15:35]} 68... Ke5 {[%clk 0:40:13]} 69. Kf2 {
[%clk 0:16:01]} 69... Ke4 {[%clk 0:40:25]} 70. Ke2 {[%clk 0:16:27]} 70... f3+ {
[%clk 0:40:37]} 71. Kf2 {[%clk 0:16:54]} 71... Kf4 {[%clk 0:40:56]} 72. Kf1
1/2-1/2

[Event "DEM U12w 2018"]
[Site "Willingen GER"]
[Date "2018.05.25"]
[Round "9"]
[White "Wagner, Margarethe"]
[Black "Bildat, Emilia"]
[Result "1/2-1/2"]
[Termination "normal"]
[Board "3"]
[WhiteElo "1515"]
[BlackElo "1460"]
[WhiteClock "00:05:58"]
[BlackClock "00:14:11"]
[PlyCount "150"]
[WhiteFideId "16236947"]
[BlackFideId "16218140"]
[EventCountry "GER"]
[EventRounds "11"]
[EventType "swiss"]
[EventDate "2018.05.19"]

1. e4 {[%clk 1:15:59]} 1... e5 {[%clk 1:15:54]} 2. Nf3 {[%clk 1:16:23]} 2...
Nc6 {[%clk 1:16:14]} 3. d4 {[%clk 1:16:41]} 3... exd4 {[%clk 1:16:33]} 4. Nxd4
{[%clk 1:17:04]} 4... Bc5 {[%clk 1:16:53]} 5. Nb3 {[%clk 1:17:13]} 5... Bb6 {
[%clk 1:16:54]} 6. Nc3 {[%clk 1:17:06]} 6... Nf6 {[%clk 1:17:03]} 7. Bg5 {
[%clk 1:17:17]} 7... h6 {[%clk 1:14:42]} 8. Bh4 {[%clk 1:17:11]} 8... g5 {
[%clk 1:13:02]} 9. Bg3 {[%clk 1:17:19]} 9... Qe7 {[%clk 1:12:52]} 10. Qe2 {
[%clk 1:15:44]} 10... d6 {[%clk 1:11:55]} 11. O-O-O {[%clk 1:14:43]} 11... Bd7
{[%clk 1:09:53]} 12. f3 {[%clk 1:05:20]} 12... O-O-O {[%clk 1:08:32]} 13. Qd2 {
[%clk 1:03:21]} 13... Bf5 {[%clk 0:57:39]} 14. Kb1 {[%clk 1:02:13]} 14... Bg6 {
[%clk 0:57:46]} 15. Bb5 {[%clk 0:59:34]} 15... Ne5 {[%clk 0:53:13]} 16. Na4 {
[%clk 0:57:09]} 16... Ned7 {[%clk 0:52:07]} 17. Qc3 {[%clk 0:53:32]} 17... Kb8
{[%clk 0:49:10]} 18. Nxb6 {[%clk 0:45:38]} 18... Nxb6 {[%clk 0:48:50]} 19. Na5
{[%clk 0:44:28]} 19... Qe6 {[%clk 0:42:22]} 20. Nxb7 {[%clk 0:41:55]} 20...
Kxb7 {[%clk 0:37:56]} 21. Qc6+ {[%clk 0:42:13]} 21... Kb8 {[%clk 0:38:20]} 22.
Ba6 {[%clk 0:42:35]} 22... Bxe4 {[%clk 0:38:39]} 23. fxe4 {[%clk 0:34:34]}
23... Qxe4 {[%clk 0:39:03]} 24. Qxe4 {[%clk 0:31:46]} 24... Nxe4 { [%clk
0:39:27]} 25. Be1 {[%clk 0:32:07]} 25... f5 {[%clk 0:38:39]} 26. Bd3 { [%clk
0:30:45]} 26... Rde8 {[%clk 0:37:30]} 27. Rf1 {[%clk 0:30:18]} 27... f4 { [%clk
0:37:30]} 28. Bxe4 {[%clk 0:26:50]} 28... Rxe4 {[%clk 0:37:53]} 29. Bc3 { [%clk
0:27:16]} 29... Rhe8 {[%clk 0:37:27]} 30. g3 {[%clk 0:24:12]} 30... R8e7 {[%clk
0:34:54]} 31. gxf4 {[%clk 0:22:46]} 31... gxf4 {[%clk 0:35:14]} 32. Rd3 {[%clk
0:20:27]} 32... Nc4 {[%clk 0:32:29]} 33. Rh3 {[%clk 0:19:11]} 33... Re3 {[%clk
0:22:22]} 34. Rhf3 {[%clk 0:12:40]} 34... Rxc3 {[%clk 0:18:46]} 35. bxc3 {[%clk
0:11:16]} 35... Nd2+ {[%clk 0:19:09]} 36. Kc1 {[%clk 0:11:06]} 36... Nxf1
{[%clk 0:17:45]} 37. Rxf1 {[%clk 0:11:30]} 37... Re4 {[%clk 0:17:52]} 38. Kd2
{[%clk 0:11:33]} 38... Kb7 {[%clk 0:17:53]} 39. Rf3 {[%clk 0:10:11]} 39... Kc6
{[%clk 0:16:38]} 40. Rh3 {[%clk 0:10:10]} 40... Re6 {[%clk 0:16:58]} 41. Rf3
{[%clk 0:10:12]} 41... Rf6 {[%clk 0:17:09]} 42. c4 {[%clk 0:08:32]} 42... Kc5
{[%clk 0:15:25]} 43. Kc3 {[%clk 0:08:16]} 43... a5 {[%clk 0:14:20]} 44. a3
{[%clk 0:07:06]} 44... d5 {[%clk 0:13:13]} 45. cxd5 {[%clk 0:06:17]} 45... Kxd5
{[%clk 0:13:35]} 46. Kd3 {[%clk 0:05:21]} 46... c5 {[%clk 0:12:31]} 47. c4+ {
[%clk 0:03:50]} 47... Ke5 {[%clk 0:12:51]} 48. Rf1 {[%clk 0:14:05]} 48... Rd6+
{[%clk 0:26:42]} 49. Ke2 {[%clk 0:13:04]} 49... Ke4 {[%clk 0:26:50]} 50. Re1 {
[%clk 0:10:21]} 50... f3+ {[%clk 0:26:47]} 51. Kf2+ {[%clk 0:10:38]} 51... Kf4
{[%clk 0:26:13]} 52. Re8 {[%clk 0:10:14]} 52... Rd2+ {[%clk 0:26:16]} 53. Kf1 {
[%clk 0:10:39]} 53... f2 {[%clk 0:25:30]} 54. Re6 {[%clk 0:09:03]} 54... Kf3 {
[%clk 0:25:41]} 55. Rf6+ {[%clk 0:09:28]} 55... Ke3 {[%clk 0:26:03]} 56. Re6+ {
[%clk 0:09:45]} 56... Kd4 {[%clk 0:22:50]} 57. Rxh6 {[%clk 0:08:16]} 57... Kxc4
{[%clk 0:23:11]} 58. Ra6 {[%clk 0:08:11]} 58... Kb5 {[%clk 0:22:30]} 59. Rf6 {
[%clk 0:07:51]} 59... Ka4 {[%clk 0:21:37]} 60. Rxf2 {[%clk 0:06:27]} 60... Rd3
{[%clk 0:21:39]} 61. Rc2 {[%clk 0:06:34]} 61... Kxa3 {[%clk 0:14:35]} 62. Rxc5
{[%clk 0:07:03]} 62... a4 {[%clk 0:14:55]} 63. h4 {[%clk 0:07:21]} 63... Rh3 {
[%clk 0:15:07]} 64. h5 {[%clk 0:07:45]} 64... Ka2 {[%clk 0:15:25]} 65. Kg2 {
[%clk 0:07:44]} 65... Rb3 {[%clk 0:15:06]} 66. h6 {[%clk 0:06:20]} 66... Kb2 {
[%clk 0:15:03]} 67. h7 {[%clk 0:04:31]} 67... Rb8 {[%clk 0:15:00]} 68. Rh5 {
[%clk 0:04:45]} 68... Rh8 {[%clk 0:14:48]} 69. Rb5+ {[%clk 0:05:09]} 69... Ka2
{[%clk 0:15:05]} 70. Rb7 {[%clk 0:05:32]} 70... a3 {[%clk 0:14:51]} 71. Kh3 {
[%clk 0:05:57]} 71... Ka1 {[%clk 0:14:48]} 72. Kh4 {[%clk 0:05:47]} 72... a2 {
[%clk 0:14:49]} 73. Kg5 {[%clk 0:05:44]} 73... Rxh7 {[%clk 0:13:26]} 74. Rxh7 {
[%clk 0:06:09]} 74... Kb2 {[%clk 0:13:51]} 75. Rb7+ {[%clk 0:05:58]} 75... Ka1
{[%clk 0:14:11]} 1/2-1/2

[Event "DEM U12w 2018"]
[Site "Willingen GER"]
[Date "2018.05.25"]
[Round "9"]
[White "Schneider, Anna"]
[Black "Werner, Rosalie"]
[Result "1-0"]
[Termination "normal"]
[Board "4"]
[WhiteElo "1432"]
[BlackElo "1575"]
[WhiteClock "01:11:30"]
[BlackClock "00:01:29"]
[PlyCount "67"]
[WhiteFideId "16200527"]
[BlackFideId "16223748"]
[EventCountry "GER"]
[EventRounds "11"]
[EventType "swiss"]
[EventDate "2018.05.19"]

1. e4 {[%clk 1:15:58]} 1... e5 {[%clk 1:15:54]} 2. Nf3 {[%clk 1:16:23]} 2...
Nc6 {[%clk 1:16:21]} 3. d4 {[%clk 1:16:48]} 3... exd4 {[%clk 1:16:45]} 4. Bc4 {
[%clk 1:17:11]} 4... Nf6 {[%clk 1:17:10]} 5. e5 {[%clk 1:17:34]} 5... d5 {
[%clk 1:17:36]} 6. Bb5 {[%clk 1:17:59]} 6... Ne4 {[%clk 1:18:00]} 7. Nxd4 {
[%clk 1:18:20]} 7... Bd7 {[%clk 1:18:25]} 8. Bxc6 {[%clk 1:18:41]} 8... bxc6 {
[%clk 1:18:51]} 9. O-O {[%clk 1:18:56]} 9... Bc5 {[%clk 1:19:17]} 10. f3 {
[%clk 1:19:16]} 10... Ng5 {[%clk 1:19:41]} 11. f4 {[%clk 1:19:39]} 11... Ne4 {
[%clk 1:20:07]} 12. Be3 {[%clk 1:19:54]} 12... Bb6 {[%clk 1:20:17]} 13. Nd2 {
[%clk 1:20:16]} 13... Nxd2 {[%clk 1:20:42]} 14. Qxd2 {[%clk 1:20:40]} 14... c5
{[%clk 1:20:56]} 15. Nb3 {[%clk 1:20:44]} 15... c4 {[%clk 1:09:06]} 16. Bxb6 {
[%clk 1:20:22]} 16... axb6 {[%clk 1:08:32]} 17. Nd4 {[%clk 1:20:03]} 17... c5 {
[%clk 1:08:32]} 18. Ne2 {[%clk 1:20:09]} 18... d4 {[%clk 1:07:03]} 19. Ng3 {
[%clk 1:19:07]} 19... O-O {[%clk 1:03:53]} 20. f5 {[%clk 1:18:10]} 20... Qe7 {
[%clk 0:50:56]} 21. f6 {[%clk 1:17:35]} 21... Qxe5 {[%clk 0:29:43]} 22. fxg7 {
[%clk 1:16:58]} 22... Kxg7 {[%clk 0:16:10]} 23. Rae1 {[%clk 1:15:00]} 23... Qd5
{[%clk 0:09:10]} 24. Qf4 {[%clk 1:13:58]} 24... Bc6 {[%clk 0:06:33]} 25. Nf5+ {
[%clk 1:13:01]} 25... Kh8 {[%clk 0:05:58]} 26. Qg5 {[%clk 1:12:16]} 26... Qxg2+
{[%clk 0:04:00]} 27. Qxg2 {[%clk 1:12:39]} 27... Bxg2 {[%clk 0:04:26]} 28. Kxg2
{[%clk 1:13:04]} 28... Rxa2 {[%clk 0:04:35]} 29. Rg1 {[%clk 1:12:06]} 29... h5
{[%clk 0:03:50]} 30. Kh3 {[%clk 1:11:12]} 30... Rxb2 {[%clk 0:03:30]} 31. Rg5 {
[%clk 1:10:39]} 31... Kh7 {[%clk 0:02:56]} 32. Reg1 {[%clk 1:10:44]} 32... Rb3+
{[%clk 0:01:07]} 33. cxb3 {[%clk 1:11:07]} 33... cxb3 {[%clk 0:01:29]} 34.
Rxh5# {[%clk 1:11:30]} 1-0

[Event "DEM U12w 2018"]
[Site "Willingen GER"]
[Date "2018.05.25"]
[Round "9"]
[White "Baltic, Sara"]
[Black "Pohle, Saskia"]
[Result "0-1"]
[Termination "normal"]
[Board "5"]
[WhiteElo "1432"]
[BlackElo "1611"]
[WhiteClock "00:24:29"]
[BlackClock "00:03:58"]
[PlyCount "74"]
[WhiteFideId "16210409"]
[BlackFideId "16201604"]
[EventCountry "GER"]
[EventRounds "11"]
[EventType "swiss"]
[EventDate "2018.05.19"]

1. e4 {[%clk 1:15:57]} 1... e5 {[%clk 1:15:57]} 2. Nf3 {[%clk 1:16:23]} 2...
Nc6 {[%clk 1:16:23]} 3. Bc4 {[%clk 1:16:48]} 3... Nf6 {[%clk 1:16:49]} 4. d4 {
[%clk 1:17:01]} 4... exd4 {[%clk 1:17:13]} 5. Ng5 {[%clk 1:17:06]} 5... Ne5 {
[%clk 1:13:27]} 6. Bb3 {[%clk 1:17:21]} 6... h6 {[%clk 1:07:32]} 7. f4 { [%clk
1:17:27]} 7... hxg5 {[%clk 1:02:53]} 8. fxe5 {[%clk 1:17:46]} 8... Nxe4 { [%clk
0:45:34]} 9. Qxd4 {[%clk 1:18:00]} 9... Nc5 {[%clk 0:45:11]} 10. O-O { [%clk
1:17:02]} 10... Nxb3 {[%clk 0:43:38]} 11. axb3 {[%clk 1:17:18]} 11... Be7
{[%clk 0:40:12]} 12. Qd3 {[%clk 1:11:07]} 12... d6 {[%clk 0:35:29]} 13. Qf3 {
[%clk 1:02:26]} 13... O-O {[%clk 0:35:34]} 14. Rd1 {[%clk 0:56:56]} 14... g4 {
[%clk 0:31:06]} 15. Qe4 {[%clk 0:56:13]} 15... Qd7 {[%clk 0:30:22]} 16. Nc3 {
[%clk 0:55:39]} 16... Qf5 {[%clk 0:30:02]} 17. Bf4 {[%clk 0:49:06]} 17... dxe5
{[%clk 0:27:26]} 18. Bxe5 {[%clk 0:43:58]} 18... c6 {[%clk 0:23:25]} 19. Rf1 {
[%clk 0:35:37]} 19... Bc5+ {[%clk 0:18:24]} 20. Kh1 {[%clk 0:35:41]} 20... Qh5
{[%clk 0:18:23]} 21. Ne2 {[%clk 0:34:39]} 21... Re8 {[%clk 0:18:15]} 22. Qf4 {
[%clk 0:29:47]} 22... Qxe5 {[%clk 0:16:08]} 23. Qxf7+ {[%clk 0:29:30]} 23...
Kh8 {[%clk 0:14:03]} 24. Nf4 {[%clk 0:28:54]} 24... Bf5 {[%clk 0:08:31]} 25.
Qxb7 {[%clk 0:24:47]} 25... Qd6 {[%clk 0:05:25]} 26. Rad1 {[%clk 0:24:00]}
26... Qh6 {[%clk 0:04:55]} 27. Qf7 {[%clk 0:23:12]} 27... Be6 {[%clk 0:03:38]}
28. Nxe6 {[%clk 0:23:12]} 28... Qxe6 {[%clk 0:04:03]} 29. Rf5 {[%clk 0:22:47]}
29... Qxf7 {[%clk 0:03:46]} 30. Rxf7 {[%clk 0:23:09]} 30... Re7 {[%clk 0:03:50]
} 31. Rf4 {[%clk 0:23:25]} 31... Rae8 {[%clk 0:03:54]} 32. g3 {[%clk 0:23:28]}
32... Re1+ {[%clk 0:03:37]} 33. Rf1 {[%clk 0:23:52]} 33... Rxf1+ { [%clk
0:03:20]} 34. Rxf1 {[%clk 0:24:14]} 34... Re2 {[%clk 0:03:40]} 35. Rc1 { [%clk
0:24:31]} 35... Be3 {[%clk 0:03:56]} 36. Rd1 {[%clk 0:24:23]} 36... Rxc2 {[%clk
0:03:39]} 37. b4 {[%clk 0:24:29]} 37... Rxb2 {[%clk 0:03:58]} 0-1

[Event "DEM U12w 2018"]
[Site "Willingen GER"]
[Date "2018.05.25"]
[Round "9"]
[White "Roncea, Andreea-Alexandra"]
[Black "Petersen, Sophie"]
[Result "1-0"]
[Termination "normal"]
[Board "6"]
[WhiteElo "1532"]
[BlackElo "1431"]
[WhiteClock "00:28:18"]
[BlackClock "00:30:34"]
[PlyCount "51"]
[WhiteFideId "16233115"]
[BlackFideId "16229380"]
[EventCountry "GER"]
[EventRounds "11"]
[EventType "swiss"]
[EventDate "2018.05.19"]

1. e4 {[%clk 1:15:58]} 1... c5 {[%clk 1:15:50]} 2. Nf3 {[%clk 1:16:22]} 2... g6
{[%clk 1:16:05]} 3. c3 {[%clk 1:16:38]} 3... Nc6 {[%clk 1:15:48]} 4. d4 { [%clk
1:15:41]} 4... cxd4 {[%clk 1:15:27]} 5. cxd4 {[%clk 1:15:43]} 5... Bg7 { [%clk
1:15:24]} 6. Nc3 {[%clk 1:13:37]} 6... Nf6 {[%clk 1:11:58]} 7. Bb5 { [%clk
1:10:22]} 7... a6 {[%clk 1:11:45]} 8. Bxc6 {[%clk 1:09:40]} 8... bxc6 { [%clk
1:12:00]} 9. O-O {[%clk 1:09:51]} 9... O-O {[%clk 1:11:51]} 10. Re1 { [%clk
1:06:07]} 10... d5 {[%clk 1:10:53]} 11. e5 {[%clk 1:05:33]} 11... Ng4 { [%clk
1:10:50]} 12. h3 {[%clk 1:02:59]} 12... Nh6 {[%clk 1:10:24]} 13. Bf4 { [%clk
0:55:17]} 13... e6 {[%clk 1:04:06]} 14. Bg5 {[%clk 0:51:25]} 14... Qd7 { [%clk
1:01:17]} 15. g4 {[%clk 0:48:11]} 15... Kh8 {[%clk 0:57:34]} 16. Bf6 { [%clk
0:42:30]} 16... Ng8 {[%clk 0:53:55]} 17. g5 {[%clk 0:40:52]} 17... Bb7 { [%clk
0:50:58]} 18. Kg2 {[%clk 0:37:42]} 18... Rab8 {[%clk 0:49:41]} 19. h4 { [%clk
0:35:44]} 19... Rfc8 {[%clk 0:41:47]} 20. Rh1 {[%clk 0:33:50]} 20... Nxf6
{[%clk 0:34:44]} 21. exf6 {[%clk 0:33:29]} 21... Bf8 {[%clk 0:34:17]} 22. Ne5 {
[%clk 0:30:50]} 22... Qe8 {[%clk 0:32:28]} 23. h5 {[%clk 0:30:06]} 23... Bd6 {
[%clk 0:31:49]} 24. hxg6 {[%clk 0:29:32]} 24... fxg6 {[%clk 0:31:50]} 25. f7 {
[%clk 0:29:10]} 25... Qd8 {[%clk 0:30:34]} 26. f8=Q+ {[%clk 0:28:18]} 1-0

[Event "DEM U12w 2018"]
[Site "Willingen GER"]
[Date "2018.05.25"]
[Round "9"]
[White "Zöllner, Bente"]
[Black "Hentschel, Lena"]
[Result "0-1"]
[Termination "normal"]
[Board "7"]
[WhiteElo "1314"]
[BlackElo "1466"]
[WhiteClock "00:55:31"]
[BlackClock "00:12:00"]
[PlyCount "132"]
[WhiteFideId "16230523"]
[BlackFideId "16240324"]
[EventCountry "GER"]
[EventRounds "11"]
[EventType "swiss"]
[EventDate "2018.05.19"]

1. d4 {[%clk 1:15:57]} 1... d5 {[%clk 1:15:53]} 2. c4 {[%clk 1:16:17]} 2... e6
{[%clk 1:16:04]} 3. Nc3 {[%clk 1:16:33]} 3... Nf6 {[%clk 1:16:14]} 4. Bg5 {
[%clk 1:16:48]} 4... Nbd7 {[%clk 1:15:50]} 5. cxd5 {[%clk 1:16:20]} 5... exd5 {
[%clk 1:14:57]} 6. Nxd5 {[%clk 1:16:03]} 6... Nxd5 {[%clk 1:13:59]} 7. Bxd8 {
[%clk 1:14:37]} 7... Bb4+ {[%clk 1:14:21]} 8. Qd2 {[%clk 1:14:56]} 8... Bxd2+ {
[%clk 1:14:44]} 9. Kxd2 {[%clk 1:15:22]} 9... Kxd8 {[%clk 1:15:08]} 10. e4 {
[%clk 1:15:38]} 10... N5b6 {[%clk 1:13:46]} 11. Nf3 {[%clk 1:15:45]} 11... h6 {
[%clk 1:12:17]} 12. a4 {[%clk 1:15:04]} 12... a5 {[%clk 1:07:20]} 13. Bd3 {
[%clk 1:13:11]} 13... Nf6 {[%clk 1:04:47]} 14. Ne5 {[%clk 1:12:35]} 14... Rf8 {
[%clk 1:03:12]} 15. b3 {[%clk 1:12:02]} 15... Ng4 {[%clk 1:00:55]} 16. Nxg4 {
[%clk 1:11:30]} 16... Bxg4 {[%clk 1:01:20]} 17. f3 {[%clk 1:11:39]} 17... Bd7 {
[%clk 0:56:54]} 18. Bc2 {[%clk 1:11:12]} 18... f5 {[%clk 0:55:24]} 19. Rhe1 {
[%clk 1:09:43]} 19... c6 {[%clk 0:48:12]} 20. Re2 {[%clk 1:07:57]} 20... fxe4 {
[%clk 0:47:32]} 21. Bxe4 {[%clk 1:07:47]} 21... Kc7 {[%clk 0:46:35]} 22. Rc1 {
[%clk 1:07:16]} 22... Kd6 {[%clk 0:38:09]} 23. Rc5 {[%clk 1:06:06]} 23... Nd5 {
[%clk 0:34:55]} 24. Bxd5 {[%clk 1:04:48]} 24... cxd5 {[%clk 0:35:04]} 25. Re5 {
[%clk 1:04:33]} 25... Bc6 {[%clk 0:34:30]} 26. Kc3 {[%clk 1:01:35]} 26... b6 {
[%clk 0:34:07]} 27. Rxc6+ {[%clk 0:57:01]} 27... Kxc6 {[%clk 0:34:16]} 28. Re6+
{[%clk 0:57:22]} 28... Kd7 {[%clk 0:33:45]} 29. Rxb6 {[%clk 0:57:22]} 29...
Rac8+ {[%clk 0:33:18]} 30. Kd2 {[%clk 0:57:04]} 30... Rb8 {[%clk 0:30:59]} 31.
Ra6 {[%clk 0:55:37]} 31... Rxb3 {[%clk 0:28:46]} 32. Rxa5 {[%clk 0:55:52]}
32... Kc6 {[%clk 0:28:38]} 33. Ra6+ {[%clk 0:55:28]} 33... Rb6 {[%clk 0:28:46]}
34. Ra7 {[%clk 0:55:31]} 34... Rb7 {[%clk 0:28:22]} 35. Ra6+ {[%clk 0:55:46]}
35... Kc7 {[%clk 0:26:04]} 36. Ra5 {[%clk 0:55:54]} 36... Rd8 {[%clk 0:24:56]}
37. Rc5+ {[%clk 0:55:57]} 37... Kd6 {[%clk 0:23:55]} 38. Ke3 {[%clk 0:55:43]}
38... Ra8 {[%clk 0:23:15]} 39. a5 {[%clk 0:55:40]} 39... Rba7 {[%clk 0:23:11]}
40. Rb5 {[%clk 0:55:48]} 40... Rxa5 {[%clk 0:23:04]} 41. Rb6+ {[%clk 0:55:58]}
41... Kc7 {[%clk 0:23:09]} 42. Re6 {[%clk 0:55:48]} 42... Kd7 {[%clk 0:22:16]}
43. Rg6 {[%clk 0:56:03]} 43... Re8+ {[%clk 0:21:36]} 44. Kf4 {[%clk 0:55:21]}
44... Re7 {[%clk 0:21:08]} 45. Kf5 {[%clk 0:55:00]} 45... Ra4 {[%clk 0:18:30]}
46. Rg4 {[%clk 0:55:08]} 46... Ra6 {[%clk 0:18:21]} 47. Kf4 {[%clk 0:54:56]}
47... Rf6+ {[%clk 0:16:46]} 48. Kg3 {[%clk 0:53:46]} 48... g5 {[%clk 0:16:58]}
49. h4 {[%clk 0:53:35]} 49... Rg7 {[%clk 0:13:14]} 50. hxg5 {[%clk 0:53:08]}
50... Rxg5 {[%clk 0:09:55]} 51. f4 {[%clk 0:53:03]} 51... Rxg4+ {[%clk 0:09:50]
} 52. Kxg4 {[%clk 0:53:23]} 52... Ke6 {[%clk 0:09:39]} 53. Kf3 {[%clk 0:53:29]}
53... h5 {[%clk 0:09:05]} 54. g3 {[%clk 0:53:05]} 54... Kf5 {[%clk 0:09:13]}
55. Ke3 {[%clk 0:52:41]} 55... Re6+ {[%clk 0:09:03]} 56. Kd3 {[%clk 0:52:25]}
56... Kg4 {[%clk 0:08:56]} 57. Kd2 {[%clk 0:52:35]} 57... Kxg3 {[%clk 0:09:00]}
58. f5 {[%clk 0:52:57]} 58... Rf6 {[%clk 0:09:23]} 59. Ke3 {[%clk 0:53:15]}
59... Rxf5 {[%clk 0:09:50]} 60. Kd2 {[%clk 0:53:29]} 60... Rf3 {[%clk 0:10:02]}
61. Kc2 {[%clk 0:53:46]} 61... h4 {[%clk 0:10:27]} 62. Kd2 {[%clk 0:54:08]}
62... h3 {[%clk 0:10:51]} 63. Ke2 {[%clk 0:54:26]} 63... h2 {[%clk 0:11:16]}
64. Kd2 {[%clk 0:54:53]} 64... h1=Q {[%clk 0:11:36]} 65. Ke2 {[%clk 0:55:09]}
65... Qg2+ {[%clk 0:12:00]} 66. Kd1 {[%clk 0:55:31]} 66... Rf1# 0-1